Statistiche per Top 15 dei paesi con decessi Covid-19 - 20 ottobre 2021

Clicka qui per fare il quiz!

Statistiche generali

  • Questo quiz è stato fatto 3 volte
  • Il punteggio medio è 13 su 25

Statistiche sulle risposte

paese% Corretto
Francia
100%
Germania
100%
Italia
100%
Regno Unito
100%
Russia
100%
Brasile
67%
Bulgaria
67%
Indonesia
67%
Messico
67%
Romania
67%
Stati Uniti
67%
Ungheria
67%
Argentina
33%
Bosnia ed
Erzegovina
33%
Cechia
33%
Colombia
33%
India
33%
Iran
33%
Perù
33%
Slovacchia
33%
Sudafrica
33%
Georgia
0%
Macedonia
del Nord
0%
Paraguay
0%
Slovenia
0%

Distribuzione punteggi

Percentile per numero di risposta

Percentuale di utenti per punteggio

I tuoi punteggi nel tempo

Non hai fatto questo quiz